A hero of our time
Tiểu thuyết Nga những năm 1820, 1830. Gồm 5 truyện ngắn, xoay quanh nhân vật Pechorin, một hình tượng anh hùng được tác giả xây dựng.
Đã lưu trong:
| Tác giả chính: | |
|---|---|
| Định dạng: | Sách |
| Năm xuất bản: |
Anh
Davil Campbell
1992
|
| Chủ đề: | |
| Tags: |
Thêm thẻ
Không có thẻ, Hãy là người đầu tiên gắn thẻ bản ghi này!
|
| LEADER | 00719nam a2200157 4500 | ||
|---|---|---|---|
| 082 | |a 420 |b L200R | ||
| 100 | |a Lermontonv, Mikhall | ||
| 245 | |a A hero of our time |c Mikhall Lermontonv; Vladimir Nabokov translated | ||
| 260 | |a Anh |b Davil Campbell |c 1992 | ||
| 300 | |a 186 tr. |c 21 cm | ||
| 520 | |a Tiểu thuyết Nga những năm 1820, 1830. Gồm 5 truyện ngắn, xoay quanh nhân vật Pechorin, một hình tượng anh hùng được tác giả xây dựng. | ||
| 653 | |a Ngôn ngữ | ||
| 653 | |a Tiếng Anh | ||
| 942 | |2 ddc |c SH | ||
| 999 | |c 5476 |d 5476 | ||
| 952 | |0 0 |1 0 |2 ddc |4 0 |6 420_000000000000000_L200R |7 0 |8 400 |9 51317 |a qbu |b qbu |c D4 |d 2014-12-24 |g 36000 |o 420 L200R |p 3205.C1 |r 0000-00-00 |w 2014-12-24 |y SH |0 0 |6 420_000000000000000_L200R | ||